| 000 | 00667nam a22002177a 4500 | ||
|---|---|---|---|
| 003 | SEM | ||
| 005 | 20251001120745.0 | ||
| 008 | 211203s2008 ai ||||gr|||||101|0 eng|d | ||
| 020 | _a9789994102365 | ||
| 040 |
_aSEM _cSEM |
||
| 041 | _aarm | ||
| 080 | _a947.925(K)/D-39 | ||
| 100 | _aDemoyan, Hayk | ||
| 245 |
_aWestern media coverage of the Nagorno-Karabakh conflict in 1988-1990 / _cH. Demoyan |
||
| 260 |
_aYerevan : _bTigran Mets, _c2008. |
||
| 300 |
_a160+[8] p. ; _bill.; _c21 cm |
||
| 504 | _aBibliogr. p.: 94-102; Appen. p.: 103-160; Ill. p.: 161 | ||
| 650 |
_aArmenian history _zArtsakh _zNagorno-Karabakh Republic |
||
| 653 | _aՍԷՄ | ||
| 942 |
_2udc _cBK |
||
| 999 |
_c54849 _d54849 |
||